Multiculturalismo y derechos indígenas. Caso México / (Record no. 43961)

MARC details
000 -LEADER
fixed length control field 00568nam a22001697a 4500
008 - FIXED-LENGTH DATA ELEMENTS--GENERAL INFORMATION
fixed length control field 131025t mx||||| |||| 00| 0 spa d
020 ## - INTERNATIONAL STANDARD BOOK NUMBER
International Standard Book Number 9789706446022
050 04 - LIBRARY OF CONGRESS CALL NUMBER
Classification number KGF2202.M9
Item number M85 2008
245 00 - TITLE STATEMENT
Title Multiculturalismo y derechos indígenas. Caso México /
Statement of responsibility, etc (Coordinador) Alán Arias
250 ## - EDITION STATEMENT
Edition statement 1a ed.
260 ## - PUBLICATION, DISTRIBUTION, ETC. (IMPRINT)
Place of publication, distribution, etc México :
Name of publisher, distributor, etc Reproducciones y Materiales,
Date of publication, distribution, etc 2008
300 ## - PHYSICAL DESCRIPTION
Extent 155 p. ;
Dimensions 22 cm.
650 #7 - SUBJECT ADDED ENTRY--TOPICAL TERM
Source of heading or term Lemb
Topical term or geographic name as entry element Indígenas de México
650 #7 - SUBJECT ADDED ENTRY--TOPICAL TERM
Source of heading or term Lemb
Topical term or geographic name as entry element Multiculturismo
710 1# - ADDED ENTRY--CORPORATE NAME
Corporate name or jurisdiction name as entry element México. Comisión Nacional de los Derechos Humanos
942 ## - ADDED ENTRY ELEMENTS (KOHA)
Source of classification or shelving scheme Clasificación Decimal Dewey
Koha item type Libro
Holdings
Estado de pérdida Fuente de clasificación Estado del daño No para préstamo Ubicación permanente Ubicación actual Apartado o colección Fecha de adquisición Fuente de adquisición Edición Área del conocimiento Clasificación Código de Barras Date last seen Número de copia Costo por reposición Tipo de recurso
  Biblioteca del Cogreso de los Estados Unidos     Biblioteca de la Facultad de Derecho y Ciencias Sociales "Felipe J. Tena" Biblioteca de la Facultad de Derecho y Ciencias Sociales "Felipe J. Tena" General 25/10/2013   1a ed. Ciencias Sociales y Administrativas KGF2202.M9 M85 2008 BFD000003994 16/01/2015 1 1.00 Libro